| 000 | 00653nam a2200181 a 4500 | ||
|---|---|---|---|
| 005 | 20240920063859.0 | ||
| 008 | 991125s1975 mx 000 0 spa u | ||
| 035 | _aUPN01000008010 | ||
| 049 | _aLTG | ||
| 050 | 4 |
_aLC5255 M612 _bC5 1975 LL |
|
| 245 | 0 | 0 |
_aCiencias sociales : _bprimera parte : primaria intensiva para adultos / _cJulio César Avila Sotomayor ... [et al.]. |
| 260 |
_aMéxico : _bCEMPAE : _bSEP, Comisión Nacional delos Libros de Texto Gratuitos, _c1975. |
||
| 300 |
_a247 p. : _bil. col. |
||
| 500 | _aLibro de texto gratuito | ||
| 650 | 4 |
_aEducación de adultos _9956 |
|
| 700 | 1 |
_aAvila Sotomayor, Julio César, _ecoaut. |
|
| 905 | _aLibro | ||
| 999 |
_c8010 _d8010 |
||